Reverse Dictionary #38 - Statistics

General Stats
  • This quiz has been taken 51 times
  • The average score is 15 of 25
Answer Stats
Definition First
Letter
Word % Correct
Endowed with one or more marked natural abilities or skills. T Talented
92%
A large, naturally-occurring cavity formed underground or in the face of a cliff or a hillside. C Cave
90%
Any person held against their will. P Prisoner
90%
Not negative or neutral. P Positive
88%
The calcareous or chitinous external covering of mollusks, crustaceans, and some other invertebrates. S Shell
85%
To offer (something) as a gift to a deity. S Sacrifice
83%
A light meal or an item of food eaten between meals. S Snack
83%
(typography, of typefaces) Having thicker strokes than the ordinary form of the typeface. B Bold
79%
An open-topped box that can be slid in and out of the cabinet that contains it, used for storing clothing or other articles. D Drawer
79%
The viewing surface or area of a movie, or moving picture or slide presentation. S Screen
77%
A wandering on foot; an idle and leisurely walk; a ramble. S Stroll
77%
An incorporeal and sometimes divine messenger from a deity, or other divine entity, often depicted in art as a youthful winged figure in flowing robes. A Angel
71%
To overstate, to describe more than is fact. E Exaggerate
71%
(politics) The chair or presiding officer of certain legislative bodies, such as the U.K. House of Commons or the U.S. House of Representatives. S Speaker
67%
The layout of a publication or document. F Format
58%
Any substance that is exuded by an organism. S Secretion
48%
Precisely agreeing with a standard, a fact, or the truth; perfectly conforming; neither exceeding nor falling short in any respect. E Exact
46%
The authorization granted by a company to sell or distribute its goods or services in a certain area. F Franchise
42%
An act in the past which may be used as an example to help decide the outcome of similar instances in the future. P Precedent
42%
Supposing that, assuming that, in the circumstances that. I If
31%
To make shorter; to shorten in duration or extent. A Abridge
27%
To compensate; to pay. R Remunerate
25%
(within a machine or machinery) Any mechanical means for the conversion or control of motion, or the transmission or control of power. M Mechanism
23%
Pertaining to or based on experience (often, in contrast with having a basis in theoretical explanation). E Empirical
17%
(informal) A small, unassuming automobile. E Econobox
6%
No matching quizzes found
Score Distribution
Percent of People with Each Score
Percentile by Number Answered
Your Score History
You have not taken this quiz